000 00359nam a2200133Ia 4500
008 231129s1994||||xx |||||||||||||| ||spa||
020 _a84-7583-448-5 (Vol
082 _aJSA- 050
100 _aPrideaux Tom
245 0 _aEl hombre de Cro-Magnon (I)
260 _c1994
264 _aBarcelona: Folio 1994
942 _2ddc
_cBKS
999 _c11251
_d11251